| 000 | 00529nam a2200193 4500 | ||
|---|---|---|---|
| 999 |
_c80549 _d80549 |
||
| 008 | 210111b ||||| |||| 00| 0 eng d | ||
| 040 |
_aSTAFF _bger _cSTAFF _erda |
||
| 041 | _ager | ||
| 100 |
_aBecker, Denny: _b(1978-) |
||
| 245 |
_aStorkow/ _cDenny Becker |
||
| 490 | _aResidenzforschung | ||
| 650 | _aResidenzstadt | ||
| 651 | _aStorkow | ||
| 773 |
_dOstfildern: Thorbecke, 2018 _gS. 570-573 _tResidenzstädte im alten Reich 1300-1800 |
||
| 942 | _cA | ||